00533nam a2200193 a 4500008004100000020001500041050001600056100001800072245007300090250001200163260003100175300002000206350000900226500001700235650001500252650002500267650002500292700002200317120416s1977 ||||||||||||||||| || u a0023816600 aHF 5549 Min aMiner, John B10aPersonnel and industrial relations: a managerial approach. (3rd ed.) a3rd ed. aNew York:bMacmillanc1977 ax, 613p. : ill. a0.00 aBibliography 0aMANAGEMENT 0aINDUSTRIAL RELATIONS 0aPERSONNEL MANAGEMENT aMiner, Mary Green